000
00323nam a22001217a 4500
040
_c
SK
082
_a
155
100
_a
វន មុនិន្ទ
245
_a
Eco-tourism management; ការគ្រប់គ្រងអេកូទេសចរណ៏
260
_a
RUA
_b
វន
_c
2008
300
_a
37p.
942
_c
KB
999
_c
10156
_d
10156